Managent of beer packaging process in cambodia brewery limited, ការគ្រប់គ្រងដំណើរការវេចខ្ចប់ស្រាបៀរនៅរោងចក្រផលិតស្រាបៀរកម្ពុជា. (Record no. 4253)

000 -LEADER
fixed length control field 00642nam a22001337a 4500
040 ## - CATALOGING SOURCE
Transcribing agency RUA
082 ## - DEWEY DECIMAL CLASSIFICATION NUMBER
Classification number ATM SRE 2006 B194 Or.1
100 ## - MAIN ENTRY--AUTHOR NAME
Personal name SRENG RITHY; ស្រេង​ ឬទ្ធី
245 ## - TITLE STATEMENT
Title Managent of beer packaging process in cambodia brewery limited, ការគ្រប់គ្រងដំណើរការវេចខ្ចប់ស្រាបៀរនៅរោងចក្រផលិតស្រាបៀរកម្ពុជា.
260 ## - PUBLICATION, DISTRIBUTION, ETC. (IMPRINT)
Place of publication Phnom Penh
Name of publisher RUA
Year of publication 2006
300 ## - PHYSICAL DESCRIPTION
Number of Pages ix; 47p.
Other physical details ill.
Dimensions 29cm.
856 ## - ELECTRONIC LOCATION AND ACCESS
Uniform Resource Identifier https://drive.google.com/file/d/1mMO_POWhdlyZFukAnT7yeFNbnwjS3yZb/view?usp=sharing
942 ## - ADDED ENTRY ELEMENTS (KOHA)
Koha item type ATM
952 ## - LOCATION AND ITEM INFORMATION (KOHA)
Withdrawn status [LOCAL, KOHA] 0
952 ## - LOCATION AND ITEM INFORMATION (KOHA)
Withdrawn status [LOCAL, KOHA] 0
952 ## - LOCATION AND ITEM INFORMATION (KOHA)
Withdrawn status [LOCAL, KOHA] 0
952 ## - LOCATION AND ITEM INFORMATION (KOHA)
Withdrawn status [LOCAL, KOHA] 0
952 ## - LOCATION AND ITEM INFORMATION (KOHA)
Withdrawn status [LOCAL, KOHA] 0
952 ## - LOCATION AND ITEM INFORMATION (KOHA)
Withdrawn status [LOCAL, KOHA] 0
Holdings
Permanent Location Date acquired Koha item type Lost status Shelving location Barcode Current Location Full call number
Library Block B2015-12-09ATM B194RUA44445Library Block BATM SRE 2006 B194 Or.1
Library Block B2015-12-09ATM B194RUA44414Library Block BATM SRE 2006 B194 Or.2
Library Block B2015-12-09ATM B194RUA44659Library Block BATM SRE 2006 B194 Or.3
Library Block B2015-12-09ATM B194RUA44385Library Block BATM SRE 2006 B194 Or.4
Library Block B2015-12-09ATM B194RUA042229Library Block BATM SRE 2006 B194 Or.5
Library Block B2015-12-09ATM B194RUA042436Library Block BATM SRE 2006 B194 Or.6
មជ្ឈមណ្ឌលឯការនៃសាកលវិទ្យាល័យភូមិន្ទកសិកម្មចំការដូង

Powered by Koha